Statistics for The Oscars Trivia

Click here to take the quiz!

General Stats

  • This quiz has been taken 12 times
  • The average score is 7 of 25

Answer Stats

HintAnswer% Correct
How many Oscars has Morgan Freeman won?1
80%
Who refused a best actor Oscar for the movie Patton?George C Scott
80%
How many Oscar nominations does Meryl Streep have?21
70%
How many Oscars did Ridley Scott’s ‘Gladiator’ win?5
60%
What 1982 movie won Katherine Hepburn her last Oscar?On Golden Pond
60%
What was the first color film to win best picture in 1939?Gone With The Wind
50%
Which male actor has the most Oscar nominations with 12?Jack Nicholson
50%
What is the only film (1940) directed by Alfred Hitchcock to win the Oscar for Best Picture?Rebecca
50%
Who has the record for the most nominations for Best Actress without a win?Glen Close
40%
Perhaps best known for films like Taxi Driver, GoodFellas, and Raging Bull, Martin Scorsese won his first directing Oscar for what film?The Departed
40%
In what year did the Academy awards have its first televised broadcast?1953
30%
Which actor has the most Oscar nominations at 8, without a win?Peter O Toole
30%
Gary Oldman won his first Oscar for his performance in which movie?Darkest Hour
20%
Who are the only two people to win the Oscar and the Nobel Prize?George Bernard Shaw and Bob Dylan
20%
Which film won the first Academy Award for Best Visual Effects?Star Wars
20%
What was the first sound picture to win best Oscar?The Broadway Melody
20%
In inches, how tall is an Oscar statue?13.5
0%
Beatrice Straight won Best Supporting Actress for Network, how long in seconds was she on screen for?302
0%
What film won the first Academy Award for Best Makeup in 1981?An American Werewolf in London
0%
What movie has one every single Oscar it was nominated for?LOTR: Return of the King
0%
What is the shortest movie at 90 minutes to win Best Picture?Marty
0%
Which actress ended their Oscar acceptance by blowing a kiss at Lady Gaga?Olivia Colman
0%
Who was nominated for best original screenplay and best actor in 1977 and then nominated again in 2016 for playing the same character?Sylvester Stallone
0%
What venue have the Oscars ceremonies been held in since 2002?The Dolby Theatre
0%
Which two movies received 11 nominations but no awards?The Turning Point and The Color Purple
0%

Score Distribution

Percentile by Number Answered

Percent of People with Each Score

Your Score History

You have not taken this quiz